| 000 | 02406nam2a22003491 4500 | ||
|---|---|---|---|
| 001 | RU\NLR\Per\704850 | ||
| 005 | 20260408003810.0 | ||
| 010 |
_a978-5-9948-0368-4 _9150 |
||
| 035 | _a(NLR Aleph) 002952402 | ||
| 090 |
_a3898982 _c3898982 |
||
| 100 | _a20100917d2009 |||y0rusy50 ca | ||
| 101 | 0 | _arus | |
| 102 | _aRU | ||
| 105 | _ay ||||||||| | ||
| 200 | 1 |
_aСборник материалов IX ежегодного открытого конкурса научно-исследовательских работ студентов и молодых ученых в области экономики и управления "Зеленый росток", г. Волгоград, 1-2 апреля 2009 г. _fпод ред. проф. Г.С. Мерзликиной |
|
| 210 |
_d2009 _aБ. м. |
||
| 215 |
_a199, [1] с. _cил. _d29 |
||
| 320 | _aБиблиогр. в конце ст. и в подстроч. примеч. | ||
| 461 | 0 |
_1001RU\NLR\INFOCOMM18\1000230539 _12001#$aСтратегия и тактика управления предприятием в переходной экономике$eСб. науч. тр.$fВолгогр. гос. техн. ун-т$vВып. 18 _94602174 _cВолгоград _d2000- _fВолгогр. гос. техн. ун-т _nПолитехник _oСб. науч. тр. _tСтратегия и тактика управления предприятием в переходной экономике _vВып. 18 |
|
| 606 | 1 |
_aПредприятия _jСборники _xУправление _92085264 _3RU\NLR\AUTH\661261378 |
|
| 606 | 1 |
_aТранзитивная экономика _jСборники _yРоссийская Федерация _92120430 _3RU\NLR\AUTH\661280483 |
|
| 686 | 1 | _aУ21(2)24я43 | |
| 686 | 1 | _aУ9(2)-17(2Р)я43 | |
| 702 | 1 |
_4340 _8rus _7ca _aМерзликина _bГ. С. _cд-р экон. наук _f1954- _gГалина Степановна _3RU\NLR\AUTH\77122569 _9105494 |
|
| 710 | 1 | 2 |
_a"Зеленый росток", открытый конкурс научно-исследовательских работ студентов и молодых ученых в области экономики и управления _d9 _f2009 _eВолгоград _3RU\NLR\AUTH\8810168383 _9832590 |
| 801 | 1 |
_aRU _bInfoComm _c20041218 |
|
| 801 | 0 |
_aRU _bNLR _gPSBO |
|
| 852 |
_aNLR _jП22/7425 |
||
| 942 | _cISSUE | ||
| 980 | _aNB | ||
| 980 | _aRUSPER | ||